00000000cam 2200000zi 4500
0019.962753
003CaOODSP
00520260515104818
006m     o  d f      
007cr cn|||||||||
008260513s2026    onca    o    f000 0 eng d
040 |aCaOODSP|beng|erda|cCaOODSP
043 |an-cn---
0861 |aD69-103/2026E-PDF
24500|aDRDC|RDDC : |btaking you further.
264 1|a[Ottawa] : |bNational Defence = Défense nationale, |c[2026]
300 |a1 online resource (1 page) : |bcolour illustrations
336 |atext|btxt|2rdacontent
337 |acomputer|bc|2rdamedia
338 |aonline resource|bcr|2rdacarrier
500 |aIssued also in French under title: RDDC|DRDC : vous amène plus loin.
61020|aDefence R&D Canada.
650 0|aMilitary research|zCanada.
7102 |aDefence R&D Canada, |eissuing body.
77508|tRDDC|DRDC : |w(CaOODSP)9.962819
85640|qPDF|s421 KB|uhttps://publications.gc.ca/collections/collection_2026/mdn-dnd/D69-103-2026-eng.pdf